| 000 | 00648nam a2200217Ia 4500 | ||
|---|---|---|---|
| 008 | 160319s9999 xx 000 0 und d | ||
| 050 | _aFIL PE 1112 | ||
| 050 | _b.G73 2013 | ||
| 245 | _aGrammar and composition 4 : | ||
| 245 | _bin our changing world / | ||
| 245 | _cAnna May Axalan-Dalisay… [et al] | ||
| 260 | _aPasig City: | ||
| 260 | _bAnvil Pub. Inc., | ||
| 260 | _c2013 | ||
| 300 | _a327 pages : | ||
| 300 | _billustrations ; | ||
| 300 | _c22 cm. | ||
| 650 | _aEnglish language -- Composition -- Problems, exercises, etc. | ||
| 650 | _aEnglish language -- Grammar. | ||
| 650 | _xEnglish language -- Problems, exercises, etc. | ||
| 999 |
_c291743 _d291743 |
||